Engineering mathematics-i / (Record no. 149480)

MARC details
000 -LEADER
fixed length control field 00562nam a22001817a 4500
005 - DATE AND TIME OF LATEST TRANSACTION
control field 20180124112806.0
010 ## - LCCN (DPL NO)
LC control number ENG-122153
020 ## - INTERNATIONAL STANDARD BOOK NUMBER
International Standard Book Number 9789380624549
Terms of availability 375.00
035 ## - SYSTEM CONTROL NUMBER
System control number EN-105685
037 ## - SOURCE OF ACQUISITION
Source of stock number/acquisition DBAD/PUB
082 ## - DEWEY DECIMAL CLASSIFICATION NUMBER
Classification number 620.00151
100 ## - MAIN ENTRY--PERSONAL NAME
Personal name Sangeetha, G.
245 ## - TITLE STATEMENT
Title Engineering mathematics-i /
Statement of responsibility, etc by G. Sangeetha
260 ## - PUBLICATION, DISTRIBUTION, ETC. (IMPRINT)
Place of publication, distribution, etc Chennai
Name of publisher, distributor, etc Jai Tech Publications
Date of publication, distribution, etc 2011
270 ## - ADDRESS
Address No. 49, Chella Pillayar Koil Street, Royapettah
City Chennai
Postal code 600014
300 ## - PHYSICAL DESCRIPTION
Extent various pages.
Dimensions 24cm(pbk)
Other physical details ill.
942 ## - ADDED ENTRY ELEMENTS (KOHA)
Source of classification or shelving scheme Dewey Decimal Classification
Item type English Books
Classification part 620.00151
Call number suffix SAN
Holdings
Withdrawn status Lost status Not for loan Collection code Home library Current library Date acquired Source of acquisition Cost, normal purchase price Full call number Barcode Copy number Cost, replacement price Koha item type
      Non-fiction Narela Narela 24/01/2018 DBAD/PUB 375.00 620.00151 SAN EN-105685 1 375.00 English Books

© Delhi Public Library
Hit Counter
free hit counter